Most Successful Football Clubs - Statistics

General Stats
  • This quiz has been taken 45 times
  • The average score is 13 of 30
Answer Stats
Trophies Answer % Correct
103 Real Madrid
100%
68 Manchester United
92%
69 Liverpool
89%
100 Barcelona
84%
85 Bayern Munich
82%
120 Celtic
74%
71 Juventus
71%
86 Porto
71%
75 Ajax
68%
87 Benfica
68%
118 Rangers
68%
66 Boca Juniors
61%
68 Galatasaray
53%
67 Dynamo Kyiv
42%
82 Olympiacos
42%
70 Red Star Belgrade
37%
127 Al Ahly
32%
64 Anderlecht
26%
71 Dinamo Zagreb
24%
111 Nacional
21%
110 Penarol
21%
117 Linfield
16%
69 Ferencváros
8%
67 Maccabi Tel Aviv
8%
92 Shamrock Rovers
5%
84 Al Faisaly
0%
79 Al Muharraq
0%
70 ASEC Mimosas
0%
79 Lincoln Red Imps
0%
95 South China
0%
No matching quizzes found
Score Distribution
Percent of People with Each Score
Percentile by Number Answered
Your Score History
You have not taken this quiz